| 000 | 01113aam a2200445 4500 | ||
|---|---|---|---|
| 005 | 20231027094917.0 | ||
| 008 | 150512b2007 xxu||||| |||| 00| 0 spa d | ||
| 020 | _a9789701512524 | ||
| 041 | _aESP | ||
| 082 | _a621.39 D948a | ||
| 100 | _aDurán Rodríguez, Luis | ||
| 245 | _aAmpliar, configurar y reparar su PC | ||
| 260 | _aMéxico | ||
| 260 | _bAlfaomega | ||
| 260 | _c2007 | ||
| 300 | _a624 páginas | ||
| 650 | _aINGENIERÍA INFORMÁTICA | ||
| 650 | _aREPARACIÓN DE COMPUTADORAS PERSONALES | ||
| 650 | _aACTUALIZACIONES DE EQUIPOS | ||
| 650 | _aHARDWARE | ||
| 650 | _aPROCESADORES | ||
| 650 | _aMEMORIA RAM | ||
| 650 | _aPLACA BASE | ||
| 650 | _aBUSES | ||
| 650 | _aDISCOS DUROS | ||
| 650 | _aSISTEMAS DE ARCHIVOS | ||
| 650 | _aTARJETA GRÁFICA | ||
| 650 | _aSONIDO | ||
| 650 | _aMONITORES | ||
| 650 | _aTECLADO | ||
| 650 | _aIMPRESORAS | ||
| 650 | _aMÓDEMS | ||
| 650 | _aREDES | ||
| 650 | _aAMPLIAR SU PC | ||
| 650 | _aBIOS | ||
| 650 | _aSISTEMAS OPERATIVOS | ||
| 650 | _aWINDOWS XP | ||
| 942 |
_cBK _2ddc |
||
| 999 |
_c5406 _d5406 |
||